000 00304nam a2200121Ia 4500
008 190216s9999||||xx |||||||||||||| ||und||
100 _aMohammed Sherif Moulavi
245 0 _aBahirakasha Yathrayum Qur`Anum
260 _b"Excellent Press, Triur"
_c1987
300 _a44p
650 _aQur`An
942 _cBK
999 _c22200
_d22200